Tác động của việc sử dụng lúa giống chất lượng đến hiệu quả sản xuất lúa của nông hộ ở thị xã Ngã Năm, tỉnh Sóc Trăng : Luận văn tốt nghiệp Cao học. Chuyên ngành Phát triển nông thôn
Đánh giá tác động của việc sử dụng lúa giống chất lượng đến hiệu quả sản xuất lúa của nông hộ ở thị xã Ngã Năm, tỉnh Sóc Trăng, nhằm tìm ra giải pháp thích hợp để nâng cao hiệu quả sản xuất lúa, từng bước cải thiện đời sống, nân...
محفوظ في:
| المؤلف الرئيسي: | |
|---|---|
| التنسيق: | كتاب |
| اللغة: | Undetermined |
| منشور في: |
Cần Thơ
Trường Đại học Cần Thơ
2014
|
| الموضوعات: | |
| الوسوم: |
إضافة وسم
لا توجد وسوم, كن أول من يضع وسما على هذه التسجيلة!
|
| Thư viện lưu trữ: | Trung tâm Học liệu Trường Đại học Cần Thơ |
|---|
| LEADER | 01299nam a2200205Ia 4500 | ||
|---|---|---|---|
| 001 | CTU_195516 | ||
| 008 | 210402s9999 xx 000 0 und d | ||
| 082 | |a 633.18 | ||
| 082 | |b Nh124 | ||
| 100 | |a Hồng, Minh Nhật | ||
| 245 | 0 | |a Tác động của việc sử dụng lúa giống chất lượng đến hiệu quả sản xuất lúa của nông hộ ở thị xã Ngã Năm, tỉnh Sóc Trăng : | |
| 245 | 0 | |b Luận văn tốt nghiệp Cao học. Chuyên ngành Phát triển nông thôn | |
| 245 | 0 | |c Hồng Minh Nhật ; Vũ Anh Pháp (Người hướng dẫn khoa học) | |
| 260 | |a Cần Thơ | ||
| 260 | |b Trường Đại học Cần Thơ | ||
| 260 | |c 2014 | ||
| 520 | |a Đánh giá tác động của việc sử dụng lúa giống chất lượng đến hiệu quả sản xuất lúa của nông hộ ở thị xã Ngã Năm, tỉnh Sóc Trăng, nhằm tìm ra giải pháp thích hợp để nâng cao hiệu quả sản xuất lúa, từng bước cải thiện đời sống, nâng cao thu nhập người trồng lúa | ||
| 650 | |a Cây lúa,Rice | ||
| 904 | |i Hải | ||
| 980 | |a Trung tâm Học liệu Trường Đại học Cần Thơ | ||